Lá bài cuẩ nhà buôn tài chính

Đã lưu trong:
Bibliografiske detaljer
Hovedforfatter: Michael Lewin
Format: Bog
Sprog:Vietnamese
Udgivet: TKE 1997
Tags: Tilføj Tag
Ingen Tags, Vær først til at tagge denne postø!
Thư viện lưu trữ: Mạng thư viện Đại học Đà Nẵng
LEADER 00619nam a2200277 4500
001 000026794
003 848
005 20150325120000.0
008 150325s vm 000 vie
020 |c 83,0000 
040 |a NOTTS 
100 |a Michael Lewin 
245 |a Lá bài cuẩ nhà buôn tài chính 
260 |b TKE  |c 1997 
300 |a 451tr. ; 
OWN |a LTT 
999 |a From the UDN01 
TYP |a Monograph 
TYP |a Printed language 
980 |a Mạng thư viện Đại học Đà Nẵng